New cutting Edge: Pre - intermediate student’s book

שמור ב:
מידע ביבליוגרפי
פורמט: ספר
יצא לאור: 2001
תגים: הוספת תג
אין תגיות, היה/י הראשונ/ה לתייג את הרשומה!
Thư viện lưu trữ: Mạng thư viện Đại học Đà Nẵng
LEADER 00467nam a22001811a 4500
001 000037317
003 13612
005 20160412020328.0
008 160412s2001 000
082 |a 4A(07)359 
245 |a New cutting Edge: Pre - intermediate student’s book  |c P.Moor S.Cunningham 
260 |c 2001 
OWN |a LNN 
999 |a From the UDN01 
TYP |a Monograph 
980 |a Mạng thư viện Đại học Đà Nẵng